| 000 | 00384nam a2200145Ia 4500 | ||
|---|---|---|---|
| 005 | 20250529115645.0 | ||
| 008 | 231217s9999 xx 000 0 und d | ||
| 020 | _a9781888490060 | ||
| 082 | _a621.38143 GAN;46 | ||
| 100 | _aGanesh Rao, D. Satish, Tunga. | ||
| 245 | 0 | _aSignals and systems | |
| 260 |
_c2003-04 _bSanguine Technical Pub. _aBangalore |
||
| 300 | _a552 | ||
| 942 | _cAA | ||
| 999 |
_c198359 _d198359 |
||